[Event "30. Abierto Ciudad de Sevilla"]
[Site "Sevilla ESP"]
[Date "2005.01.14"]
[Round "8.8"]
[White "Fernandez Romero, Ernesto"]
[Black "Belezky, Sasha"]
[Result "1/2-1/2"]
[WhiteElo "2469"]
[BlackElo "2399"]
[PlyCount "86"]
[EventDate "2005.01.07"]
[EventType "swiss"]
[EventRounds "9"]
[EventCountry "ESP"]
[Source "lmi"]
[SourceDate "2005.01.13"]

1. e4 c5 2. Nf3 d6 3. d4 cxd4 4. Nxd4 Nf6 5. f3 g6 6. c4 Bg7 7. Nc3 Nc6 8. Be3
O-O 9. Qd2 Bd7 10. Be2 Nxd4 11. Bxd4 Bc6 12. O-O Nd7 13. Be3 a5 14. b3 Nc5 15.
Rab1 Qb6 16. Rfc1 Qb4 17. Rc2 f5 18. exf5 gxf5 19. Bf1 a4 20. bxa4 Bxc3 21. Qc1
Qxa4 22. Rxc3 Qxa2 23. Bxc5 dxc5 24. Re3 Rf7 25. Re5 Rd8 26. Qb2 Rd2 27. Qxa2
Rxa2 28. Rbe1 Kf8 29. Rxc5 Ke8 30. Rce5 Rd2 31. h4 Rd4 32. h5 Rh4 33. c5 Rxh5
34. Kf2 Rh4 35. Bd3 f4 36. Rg5 Kf8 37. Bc4 Rg7 38. Rxg7 Kxg7 39. Rxe7+ Kf6 40.
Re6+ Kg7 41. Re7+ Kf6 42. Re6+ Kg7 43. Re5 Kf6 1/2-1/2

[Event "30. Abierto Ciudad de Sevilla"]
[Site "Sevilla ESP"]
[Date "2005.01.14"]
[Round "8.9"]
[White "Rico Galiano, Arsenio"]
[Black "Mirzoev, Azer"]
[Result "1/2-1/2"]
[WhiteElo "2266"]
[BlackElo "2529"]
[PlyCount "115"]
[EventDate "2005.01.07"]
[EventType "swiss"]
[EventRounds "9"]
[EventCountry "ESP"]
[Source "lmi"]
[SourceDate "2005.01.13"]

1. Nf3 d5 2. d4 e6 3. c4 c6 4. Nc3 Nf6 5. Bg5 h6 6. Bxf6 Qxf6 7. e3 Nd7 8. Bd3
g6 9. O-O Bg7 10. Rc1 O-O 11. b4 Qe7 12. b5 dxc4 13. Bxc4 c5 14. Ne4 cxd4 15.
Nxd4 Rd8 16. Qe2 Nb6 17. Bb3 e5 18. Nf3 Bf5 19. Nfd2 Rac8 20. f3 Kh7 21. Rxc8
Bxc8 22. Rc1 f5 23. Nf2 h5 24. e4 Bh6 25. Rc2 h4 26. Nc4 Nd7 27. Ne3 Nc5 28.
Nd5 Qd6 29. Nd3 Nxb3 30. axb3 Be6 31. N3b4 Bg5 32. Rc7+ Rd7 33. Rxd7+ Qxd7 34.
g3 Qd6 35. Qf2 hxg3 36. hxg3 fxe4 37. fxe4 Qd7 38. Qc5 Qc8 39. Qxc8 Bxc8 40.
Nd3 Bd7 41. b6 axb6 42. Nxe5 Be6 43. Kf2 Bd8 44. Kf3 Kg7 45. Nc4 Kf8 46. Kf4 b5
47. Ne5 g5+ 48. Ke3 Ba5 49. Nf3 Bd8 50. Nd4 Bd7 51. Nf5 Ba5 52. g4 Be1 53. Kd4
Kf7 54. Ke5 b4 55. Kd4 Ke6 56. Nc7+ Kf7 57. Nd5 Ke6 58. Nc7+ 1/2-1/2

[Event "30. Abierto Ciudad de Sevilla"]
[Site "Sevilla ESP"]
[Date "2005.01.14"]
[Round "8.11"]
[White "Fenollar Jorda, Manuel"]
[Black "Rizouk, Aimen"]
[Result "0-1"]
[WhiteElo "2226"]
[BlackElo "2457"]
[PlyCount "58"]
[EventDate "2005.01.07"]
[EventType "swiss"]
[EventRounds "9"]
[EventCountry "ESP"]
[Source "lmi"]
[SourceDate "2005.01.13"]

1. d4 Nf6 2. Nf3 e6 3. e3 b6 4. Bd3 Bb7 5. O-O c5 6. Nbd2 Nc6 7. c3 d5 8. Ne5
Nxe5 9. dxe5 Nd7 10. f4 Qc7 11. Nf3 Be7 12. Qe2 a6 13. e4 c4 14. Bc2 Nc5 15.
exd5 Bxd5 16. Be3 O-O 17. Bxc5 Bxc5+ 18. Kh1 Qb7 19. Ng5 h6 20. Ne4 Be7 21. Rf3
Rad8 22. Rg3 f5 23. exf6 Bxf6 24. Nxf6+ Rxf6 25. Qe5 Qf7 26. Rf1 Ba8 27. Qe3 e5
28. Qxe5 Re8 29. Qd4 Rxf4 0-1

[Event "30. Abierto Ciudad de Sevilla"]
[Site "Sevilla ESP"]
[Date "2005.01.14"]
[Round "8.14"]
[White "Ferrer Garcia, Isaac"]
[Black "Teran Alvarez, Ismael"]
[Result "0-1"]
[WhiteElo "2215"]
[BlackElo "2422"]
[PlyCount "28"]
[EventDate "2005.01.07"]
[EventType "swiss"]
[EventRounds "9"]
[EventCountry "ESP"]
[Source "lmi"]
[SourceDate "2005.01.13"]

1. c4 e5 2. Nc3 Nf6 3. g3 Bb4 4. Bg2 O-O 5. e3 Bxc3 6. bxc3 e4 7. f3 Re8 8. Qc2
d5 9. cxd5 Bf5 10. fxe4 Nxe4 11. d3 Nc5 12. e4 Qxd5 13. Be3 Nxd3+ 14. Ke2 Bxe4
0-1

[Event "30. Abierto Ciudad de Sevilla"]
[Site "Sevilla ESP"]
[Date "2005.01.14"]
[Round "8.15"]
[White "Mellado Triviño, Joan"]
[Black "Jimenez de la Torre, Jose Antonio"]
[Result "1-0"]
[WhiteElo "2405"]
[BlackElo "2182"]
[PlyCount "93"]
[EventDate "2005.01.07"]
[EventType "swiss"]
[EventRounds "9"]
[EventCountry "ESP"]
[Source "lmi"]
[SourceDate "2005.01.13"]

1. e4 e5 2. Nf3 Nf6 3. Nxe5 Nxe4 4. Qe2 Qe7 5. Qxe4 d6 6. d4 dxe5 7. dxe5 Nc6
8. Nc3 Qxe5 9. Qxe5+ Nxe5 10. Bf4 Bd6 11. Bg3 Bf5 12. O-O-O O-O 13. Nb5 Rfd8
14. Be2 a6 15. Nxd6 cxd6 16. Rd4 Rd7 17. Rhd1 Rad8 18. h3 f6 19. Rb4 Rc8 20. c3
d5 21. Bxe5 fxe5 22. f4 e4 23. g4 Bg6 24. f5 Be8 25. Rbd4 Rcd8 26. Kd2 Bf7 27.
Ke3 b5 28. a4 bxa4 29. Rxa4 Rb8 30. Rxa6 g5 31. b4 Rc7 32. Kd4 Rbc8 33. Ra3 Re8
34. Rda1 Rcc8 35. b5 Rb8 36. Ra7 e3 37. Bd3 Rb6 38. Re1 Rh6 39. Rxe3 Rxe3 40.
Kxe3 Rxh3+ 41. Kd4 Rh6 42. Ra6 Rh2 43. Ra1 Rb2 44. Rb1 Rxb1 45. Bxb1 Be8 46. b6
Bc6 47. Ba2 1-0

[Event "30. Abierto Ciudad de Sevilla"]
[Site "Sevilla ESP"]
[Date "2005.01.14"]
[Round "8.16"]
[White "Perez Garcia, Roberto"]
[Black "Alonso, Rene"]
[Result "1/2-1/2"]
[WhiteElo "2164"]
[BlackElo "2395"]
[PlyCount "139"]
[EventDate "2005.01.07"]
[EventType "swiss"]
[EventRounds "9"]
[EventCountry "ESP"]
[Source "lmi"]
[SourceDate "2005.01.13"]

1. e4 d6 2. d4 Nf6 3. Nc3 g6 4. g3 Bg7 5. Bg2 O-O 6. Nge2 e5 7. h3 c6 8. a4 a5
9. O-O Na6 10. Be3 Nb4 11. Qd2 Be6 12. b3 d5 13. exd5 Nfxd5 14. Nxd5 Bxd5 15.
c4 Bxg2 16. Kxg2 exd4 17. Bg5 f6 18. Bh6 d3 19. Ng1 Re8 20. Bxg7 Kxg7 21. Rad1
Qd7 22. Qc3 c5 23. Rd2 Rad8 24. Rfd1 Qc6+ 25. Kh2 Qe4 26. h4 Rd4 27. Nh3 Qf3
28. Ng1 Qf5 29. Kg2 Rd7 30. Nh3 Qe5 31. Qxe5 fxe5 32. f3 e4 33. fxe4 Rxe4 34.
Nf4 b6 35. Kf3 Re8 36. Nd5 Nxd5 37. cxd5 Rxd5 38. Rxd3 Rf5+ 39. Kg2 Re2+ 40.
Kg1 h5 41. Rd7+ Rf7 42. R7d6 Rf3 43. Rxb6 Rxg3+ 44. Kf1 Re4 45. Rd7+ Kh6 46.
Kf2 Rgg4 47. Rd5 Rgf4+ 48. Kg3 Rg4+ 49. Kf3 Ref4+ 50. Ke3 Rb4 51. Rxb4 Rxb4 52.
Rxc5 Rxb3+ 53. Kf2 Rb4 54. Rxa5 Rxh4 55. Ra8 Rb4 56. a5 Ra4 57. a6 Kg5 58. a7
Ra2+ 59. Kg3 h4+ 60. Kh3 Ra3+ 61. Kg2 Kg4 62. Rg8 Ra2+ 63. Kh1 Ra1+ 64. Kh2
Ra2+ 65. Kh1 Rxa7 66. Rxg6+ Kh3 67. Rg1 Ra2 68. Rb1 Rh2+ 69. Kg1 Rg2+ 70. Kh1
1/2-1/2

[Event "30. Abierto Ciudad de Sevilla"]
[Site "Sevilla ESP"]
[Date "2005.01.14"]
[Round "8.18"]
[White "Romero Garcia, Mariano"]
[Black "Kononenko, Tatiana"]
[Result "0-1"]
[WhiteElo "2139"]
[BlackElo "2374"]
[PlyCount "86"]
[EventDate "2005.01.07"]
[EventType "swiss"]
[EventRounds "9"]
[EventCountry "ESP"]
[Source "lmi"]
[SourceDate "2005.01.13"]

1. e4 e6 2. d4 d5 3. e5 c5 4. Nf3 Nc6 5. Bd3 cxd4 6. O-O Nge7 7. Bf4 Ng6 8. Bg3
Qb6 9. Nbd2 Nb4 10. Bxg6 hxg6 11. Nb3 d3 12. cxd3 Qa6 13. d4 Bd7 14. Qd2 Qd3
15. Rfc1 Qxd2 16. Nfxd2 Be7 17. Nc5 Rc8 18. Ndb3 b6 19. Nxd7 Kxd7 20. Rc3 Rxc3
21. bxc3 Nc2 22. Rc1 Na3 23. Bf4 Rc8 24. Kf1 Nb5 25. Bd2 Ba3 26. Rc2 Bb4 27. a4
Nxc3 28. Bxc3 Rxc3 29. Rxc3 Bxc3 30. Ke2 a5 31. Kd3 Bb4 32. Na1 Kc6 33. Kc2 Be1
34. f3 Bf2 35. Kd3 b5 36. axb5+ Kxb5 37. Kc3 Be1+ 38. Kd3 Ka4 39. h3 Bb4 40.
Kc2 g5 41. Nb3 Kb5 42. Kd3 Ba3 43. Na1 Bb2 0-1

[Event "30. Abierto Ciudad de Sevilla"]
[Site "Sevilla ESP"]
[Date "2005.01.14"]
[Round "8.22"]
[White "Bellia, Fabrizio"]
[Black "Valencia Gomez, Jairo Fdo"]
[Result "1-0"]
[WhiteElo "2407"]
[BlackElo "2061"]
[PlyCount "39"]
[EventDate "2005.01.07"]
[EventType "swiss"]
[EventRounds "9"]
[EventCountry "ESP"]
[Source "lmi"]
[SourceDate "2005.01.13"]

1. e4 c5 2. c3 d5 3. exd5 Qxd5 4. d4 e6 5. Nf3 Nf6 6. Bd3 cxd4 7. cxd4 Bd7 8.
O-O Bd6 9. Bg5 h6 10. Nc3 Qa5 11. Bxf6 gxf6 12. d5 e5 13. Nh4 Qb4 14. Ne4 Be7
15. Qf3 Kf8 16. Nf5 Bxf5 17. Qxf5 Qd4 18. Nxf6 e4 19. Qc8+ Kg7 20. Nh5+ 1-0

[Event "30. Abierto Ciudad de Sevilla"]
[Site "Sevilla ESP"]
[Date "2005.01.14"]
[Round "8.23"]
[White "Escobar Forero, Alder"]
[Black "Romero Lopez, Marta"]
[Result "1-0"]
[WhiteElo "2407"]
[BlackElo "2016"]
[PlyCount "63"]
[EventDate "2005.01.07"]
[EventType "swiss"]
[EventRounds "9"]
[EventCountry "ESP"]
[Source "lmi"]
[SourceDate "2005.01.13"]

1. e4 e6 2. d4 d5 3. Nc3 dxe4 4. Nxe4 Bd7 5. Nf3 Bc6 6. Bd3 Nd7 7. Qe2 Ngf6 8.
Bg5 Be7 9. h4 Bxe4 10. Bxe4 Nxe4 11. Qxe4 c6 12. O-O-O h6 13. Bd2 Nf6 14. Qe2
a5 15. Rhg1 Nd5 16. g4 g6 17. g5 h5 18. Ne5 Qc8 19. c4 Nb6 20. Qe4 Rg8 21. Rg3
Bd6 22. Rb3 Bxe5 23. dxe5 Qc7 24. Be3 Nd7 25. Rd6 Rd8 26. Rbd3 Ke7 27. c5 Rge8
28. Qd4 Nb8 29. f4 Na6 30. a3 Qc8 31. f5 gxf5 32. g6 1-0